Statistics for Once Upon A Time Character's Names

Click here to take the quiz!

General Stats

  • This quiz has been taken 3,712 times
    (3,582 since last reset)
  • The average score is 9 of 12

Answer Stats

Storybrooke Name Fairytale Name % Correct
Mary Margaret BlanchardSnow White
100%
David NolanPrince Charming/James/David
98%
Regina MillsThe Evil Queen
95%
Mr. GoldRumplestiltskin
89%
LeroyGrumpy/Dreamy
78%
Mother SuperiorThe Blue Fairy
71%
Neal CassidyBaelfire
61%
Sidney GlassGenie/Magic Mirror
60%
August Wayne BoothPinocchio
59%
Archie HopperJiminy Cricket
58%
Dr. WhaleVictor Frankenstein
55%
Kathryn NolanPrincess Abigail
37%

Score Distribution

Percentile by Number Answered

Percent of People with Each Score

Your Score History

You have not taken this quiz since the last reset